000 00304nam a22001337a 4500
008 170324b xxu||||| |||| 00| 0 eng d
020 _a0130052493
041 _aeng
080 _a615.82
100 _a8
101 _aSHM
245 _aADMINISTRATION OF ATHLETIC PROGRAMS
_cBROYLES, J.F
942 _2udc
_cBK
999 _c8626
_d8626